| 000 | 01064cam a22002772 4500 | ||
|---|---|---|---|
| 001 | 0000021152 | ||
| 005 | 20151217145931.0 | ||
| 008 | 120126s xx 000 0 eng d | ||
| 020 | _a1841138244 : | ||
| 040 |
_aKABU _cKABU |
||
| 100 | 1 |
_aFordham, Michael QC. _@0000181876 |
|
| 245 | 1 | 0 |
_aJudicial review handbook / _cMichael Fordham QC. |
| 250 | _a5th ed. | ||
| 260 |
_aOxford : _bHart, _c2008. |
||
| 300 | _axix, 847 p. | ||
| 650 | 0 |
_aJudicial review of administrative acts _zGreat Britain. _@0000167934 |
|
| 650 | 0 |
_aJudicial review of administrative acts _xDigests _zGreat Britain. _@0000181877 |
|
| 852 | 1 | _9p20443 KES | |
| 852 | 1 | _9p14597 KES | |
| 852 | 1 | _9p14597 KES | |
| 852 | 1 | _9p14597 KES | |
| 852 | 1 | _9p14597 KES | |
| 852 | 1 | _9p14597 KES | |
| 908 | _a120126 | ||
| 950 | _@1 | ||
| 999 |
_c4243 _d4243 |
||